Responses for Show #1438 - Wednesday, November 28, 1990

Game entered from audiorecording. Missing prizes.

Contestants

[<< previous game]

Marilyn Maracic, a research scientist from Brooklyn, New York

Mike Hughes, an attorney originally from Vineland, New Jersey

Doug Marsh, a set designer from Pasadena, California (whose 1-day cash winnings total $12,500)

[next game >>]

Jeopardy! Round responses

IT'S ABOUT TIME
ACTORS & THEIR ROLES
COMPOSERS
TENNIS, ANYONE?
HODGEPODGE
GO FISH
    $100 17
a time capsule

Marilyn
    $100 7
Peter Falk

Mike
    $100 1
Beethoven

Marilyn
    $100 6
Becker

Mike
    $100 12
amber

Mike
    $100 24
the flounder

Doug
    $200 18
(Doug: What is a sextant?)

a watch

Doug
Triple Stumper
    $200 8
(Alex: He played the role of [*] in Julius Caesar.)

Mark Antony

Triple Stumper
    $200 2
(Mike: Who is Handel?)

(Felix) Mendelssohn

DougMike
    $200 20
an open (pro-am accepted)

Doug
    $200 13
a bear

Mike
    $200 26
(Doug: What is a killer whale?...)
(Alex: No.)
(Doug: ...err, [*]?)

a shark

DougMike
    $300 19
Daylight Savings Time

Doug
    $300 9
Buddy Holly

Mike
    $300 3
(Johann Sebastian) Bach

Doug
    $300 21
(Martina) Navratilova

Doug
    $300 14
Brylcreem

Mike
    $300 25
(Alex: And we have a minute to go.)

a piranha

Mike
    $400 28
[The end-of-round signal sounds.]

the children's hour

Doug
    $400 10
[Alex said "Well, my little pretty" in the voice of the Wicked Witch.]

Margaret Hamilton

Doug
    $400 4
(Doug: Who is Stravinsky?)
(Marilyn: Who is Tchaikovsky?)

Prokofiev

DougMarilyn
Triple Stumper
    $400 22
15

Marilyn
    $400 15
Langtree

Mike
    $800 27
(Alex: How about that! Boy, those law studies are finally paying off.)

an eel

Mike
    $500 11
Paulette Goddard

Doug
    $500 5
Paganini

Doug
    $500 23
an ace

Mike
    $500 16
Poland

Mike

Scores at the first commercial break (after clue 16):

Doug Mike Marilyn
$1,500 $1,800 -$300

Scores at the end of the Jeopardy! Round:

Doug Mike Marilyn
$2,400 $3,600 $200

Double Jeopardy! Round responses

THE ENGLISH NOVEL
MARS
COUNTIES
HOLIDAYS & OBSERVANCES
DEFINITIONS
WOMAN SUFFRAGE
    $200 15
Wuthering Heights

Mike
    $200 22
a magnetic field

Doug
    $200 13
Florida

Doug
    $200 6
Louisiana

Marilyn
    $200 1
shoes

Mike
    $200 11
Susan B. Anthony

Mike
    $400 16
Lewis Carroll

Marilyn
    $400 29
(Mike: What is the year?)

a day

DougMike
    $400 14
(Stephen) Douglas

Doug
    $400 7
Labor Day

Mike
    $400 2
jai alai

Mike
    $400 12
(Mike: What is Wyoming?)

Utah

DougMike
    $600 19
(Mike: What is The Portrait of Dorian Gray?)
...
(Alex: The correct title, and you were right, almost right on, Mike, it's [*].)

The Picture of Dorian Gray

Mike
Triple Stumper
    $600 27
war

Marilyn
    $600 17
Cook County

Marilyn
    $600 8
Ash Wednesday

Mike
    $600 3
sad

Marilyn
    $600 23
Harding

Mike
    $2,200 20
(Doug: Who is... Sand?)
(Alex: No, sorry, his Polish name was Korzeniowski, we know him better as [*], the author of Lord Jim.)

Joseph Conrad

Doug
    $800 28
(Mike: What is Phobos?)

Deimos

Mike
Triple Stumper
    $800 18
Virginia

Doug
    $800 9
the Philippines

Doug
    $800 4
an isobar

Doug
    $800 24
Wyoming

Doug
    $1000 21
Jane Austen

Marilyn
    $1000 30
(Mike: What is Viking?)

Mariner

MikeMarilyn
    $1000 26
Fond du Lac

Doug
    $1000 10
Sweden

Mike
    $1000 5
tin

Marilyn
    $1,000 25
Quaker

Doug

Scores at the end of the Double Jeopardy! Round:

Doug Mike Marilyn
$7,000 $4,000 $5,600

[wagering suggestions for these scores]

Final Jeopardy! Round responses

AMERICAN HISTORY
MikeWho was Fulton?
$3,998
MarilynWho is Clinton?
$5,000
DougWho was Hudson?
$4,300
Dewitt Clinton

Final scores:

Doug Mike Marilyn
$2,700 $2 $10,600
2nd place 3rd place New champion: $10,600

Game dynamics:

Coryat scores:

Doug Mike Marilyn
$9,200 $3,600 $5,600
21 R
(including 1 DD),
4 W
(including 1 DD)
20 R
(including 1 DD),
6 W
11 R,
1 W

Combined Coryat: $18,400

[game clues] [game scores] [suggest correction]

Game tape date: 1990-09-12
The J! Archive is created by fans, for fans. Scraping, republication, monetization, and malicious use prohibited; this site may use cookies and collect identifying information. See terms. The Jeopardy! game show and all elements thereof, including but not limited to copyright and trademark thereto, are the property of Jeopardy Productions, Inc. and are protected under law. This website is not affiliated with, sponsored by, or operated by Jeopardy Productions, Inc. Join the discussion at JBoard.tv.